000 00686cam a2200241ra 4500
001 76603
003 BD-RjUL
005 20211209082850.0
008 191224r19381962nyu d 00000 eng d
035 _a(BD-RjUL)76827
035 _a2281391
040 _aANL
_beng
_dANL
_cBD-RjUL
041 _aeng
082 _223
_a581.703
_bRIE 1962
100 1 _aCarpenter, J. Richard
_q(John Richard)
_9236852
245 1 3 _aAn ecological glossary. /
_cJ. Richard Carpenter,
260 _aNew York :
_bHafner,
_c1956.
300 _a306 p. ;
_c22 cm
650 0 _aPlant ecology
_xDictionaries.
_9236853
650 0 _aAnimal ecology
_xDictionaries.
_9236854
942 _2ddc
_cREF
999 _c76603
_d76603